Rysy dobrého strategického plánu.

Štyri etapy prípravy strategického plánu. Analýza trhu ako súčasť plánovacieho procesu. Rozpracovanie strategických cieľov do konkrétnych plánov činnosti a vypracovanie systému kontroly. Vypracovanie akčného plánu.

Salvato in:
Dettagli Bibliografici
Natura: Capitolo di libro
Lingua:ceco
Soggetti:
Tags: Aggiungi Tag
Nessun Tag, puoi essere il primo ad aggiungerne!!

MARC

LEADER 00000naa a2200000 4500
001 r013782
005 20221213083309.1
041 0 |a cze 
044 |a CZ 
245 1 0 |a Rysy dobrého strategického plánu. 
520 |a Štyri etapy prípravy strategického plánu. Analýza trhu ako súčasť plánovacieho procesu. Rozpracovanie strategických cieľov do konkrétnych plánov činnosti a vypracovanie systému kontroly. Vypracovanie akčného plánu. 
610 2 0 |a plánovanie strategické 
610 2 0 |a metodika 
610 2 0 |a podnik 
610 2 0 |a tvorba plánu